|
|
|
|
| LEADER |
00000naa2a2200000 4500 |
| 001 |
603755 |
| 005 |
20260204133632.0 |
| 035 |
|
|
|a (RuTPU)RU\TPU\conf\954
|
| 035 |
|
|
|a RU\TPU\conf\952
|
| 090 |
|
|
|a 603755
|
| 100 |
|
|
|a 20140204d2013 k y0rusy50 ca
|
| 101 |
0 |
|
|a rus
|
| 102 |
|
|
|a RU
|
| 135 |
|
|
|a drnn ---uucaa
|
| 181 |
|
0 |
|a i
|
| 182 |
|
0 |
|a b
|
| 200 |
1 |
|
|a Методы изучения векторного редактора Corel Draw
|f Е. В. Белоенко, С. В. Романова
|
| 203 |
|
|
|a Текст
|c электронный
|
| 215 |
|
|
|a 1 файл (158 Кб)
|
| 300 |
|
|
|a Заглавие с титульного листа.
|
| 320 |
|
|
|a [Библиогр.: с. 18-19 (5 назв.)]
|
| 337 |
|
|
|a Adobe Reader
|
| 463 |
|
1 |
|0 (RuTPU)RU\TPU\conf\28
|t Преподавание графических дисциплин в современных условиях
|o сборник научных трудов 43-й Межвузовской научно-методической конференции, г. Томск, 24 сентября 2013 г.
|f Национальный исследовательский Томский политехнический университет (ТПУ)
|v [С. 14-19]
|d 2013
|
| 610 |
1 |
|
|a труды учёных ТПУ
|
| 610 |
1 |
|
|a электронный ресурс
|
| 610 |
1 |
|
|a векторные редакторы
|
| 610 |
1 |
|
|a CorelDRAW
|
| 700 |
|
1 |
|a Белоенко
|b Е. В.
|c специалист в области начертательной геометрии
|c доцент Томского политехнического университета, кандидат технических наук
|f 1962-
|g Елена Владимировна
|3 (RuTPU)RU\TPU\pers\28285
|9 13229
|
| 701 |
|
1 |
|a Романова
|b С. В.
|c специалист в области начертательной геометрии
|c старший преподаватель Томского политехнического университета
|f 1978-
|g Светлана Владимировна
|3 (RuTPU)RU\TPU\pers\30811
|9 15067
|
| 712 |
0 |
2 |
|a Национальный исследовательский Томский политехнический университет (ТПУ)
|b Институт кибернетики (ИК)
|b Кафедра инженерной графики и промышленного дизайна (ИГПД)
|3 (RuTPU)RU\TPU\col\18737
|
| 801 |
|
2 |
|a RU
|b 63413507
|c 20140327
|g RCR
|
| 856 |
4 |
|
|u http://www.lib.tpu.ru/fulltext/c/2013/C34/003.pdf
|
| 942 |
|
|
|c CF
|